Ho paura torero /

Guardat en:
Dades bibliogràfiques
Autor principal: Lemebel, Pedro (Autor)
Altres autors: Cortaldo, M. L., Mainolfi, Giuseppe
Format: Llibre
Idioma:italià
Publicat: Milano : Marcos y Marcos, 2004
Col·lecció:Gli alianti ; 110
Etiquetes: Afegir etiqueta
Sense etiquetes, Sigues el primer a etiquetar aquest registre!

MARC

LEADER 00000nam a22000007i 4500
001 IT\ICCU\UBO\2442983
003 ItRI
005 20260115231919.0
008 040513s2004 it |||||| ||||| |||||c
020 |a 8871683927 
020 |a 9788871683928 (ristampa 2011) 
020 |a 9788892940161 (7. ristampa 2021) 
040 |b ita  |c importazione bologna sebina 
041 7 |a ita  |2 ISO-639-2 
082 |a 863.64  |9 NARRATIVA SPAGNOLA. 1945-  |2 20 
100 1 |a Lemebel, Pedro  |0 IT\ICCU\TO0V\504577  |4 aut 
240 1 0 |a Tengo miedo torero.  |3 IT\ICCU\UBO\2443007  |9 Lemebel, Pedro 
245 1 0 |a Ho paura torero /  |c Pedro Lemebel ; traduzione di M. L. Cortaldo e G. Mainolfi. 
260 |a Milano :  |b Marcos y Marcos,  |c 2004 
300 |a 202 p. ;  |c 21 cm. 
700 1 |a Cortaldo, M. L.  |0 IT\ICCU\UBOV\715582 
700 1 |a Mainolfi, Giuseppe  |0 IT\ICCU\TSAV\328667 
790 1 |a Luppi Cortaldo, Marzia  |3 IT\ICCU\CFIV\332137  |z Cortaldo, M. L. 
830 4 |a Gli alianti ;  |v 110  |0 IT\ICCU\RAV\0147641 
942 |2 ddc  |c BK  |n 0 
952 |0 0  |1 0  |4 0  |6 DOC_863_700000000000000_LEM  |7 0  |9 16339  |a BO  |b BO  |d 2026-01-15  |i 8132  |l 0  |o DOC 863.7 LEM  |p BO8132  |r 2026-01-15 23:19:19  |w 2026-01-15  |x [Sebina 5] [1 v.]  |y BK  |z 1 v. 
999 |c 14019  |d 14019